Decreto sobre el apostolado de los laicos (Record no. 189843)

MARC details
000 -LEADER
campo de control de longitud fija 00789nam a2200205 i 4500
001 - NÚMERO DE CONTROL
campo de control 189843
003 - IDENTIFICADOR DE NÚMERO DE CONTROL
campo de control ES-MaACL
005 - FECHA Y HORA DE LA ÚLTIMA TRANSACCIÓN
campo de control 20250716090846.0
008 - DATOS DE LONGITUD FIJA--INFORMACIÓN GENERAL
campo de control de longitud fija 191205s1967 sp |||| | spa d
111 0# - ENTRADA PRINCIPAL--NOMBRE DE CONGRESO/REUNIÓN
Nombre de congreso/reunión o jurisdicción como elemento de entrada Concilio Vaticano (
Número del congreso/reunión o número de parte o sección 2º.
Fecha del congreso o de la firma del tratado 1962-1965)
9 (RLIN) 122
245 10 - MENCIÓN DEL TÍTULO
Título Decreto sobre el apostolado de los laicos
Resto del título : texto del decreto notas y comentarios /
Mención de responsabilidad, etc. por un equipo de laicos y de sacerdotes ; [versión por J.A. Colinas Aguirrebengoa].
260 ## - PUBLICACIÓN, DISTRIBUCIÓN, ETC.
Lugar de publicación, distribución, etc. Bilbao :
Nombre del editor, distribuidor, etc. Mensajero,
Fecha de publicación, distribución, etc. 1967.
300 ## - DESCRIPCIÓN FÍSICA
Extensión 221 p. ;
Dimensiones 19 cm.
490 1# - MENCIÓN DE SERIE
Mención de serie Colección "Vivir el Concilio" ;
Designación de volumen o secuencia 4
650 04 - PUNTO DE ACCESO ADICIONAL DE MATERIA--TÉRMINO DE MATERIA
Término de materia o nombre geográfico como elemento de entrada Apostolado seglar
9 (RLIN) 9923
700 1# - ENTRADA AGREGADA--NOMBRE PERSONAL
Nombre de persona Colinas Aguirrebengoa, Juan Antonio.
9 (RLIN) 169040
830 0# - PUNTO DE ACCESO ADICIONAL DE SERIE-TÍTULO UNIFORME
Título uniforme Colección "Vivir el Concilio" ;
Designación de volumen o secuencia 4
9 (RLIN) 193434
852 ## - LOCALIZACIÓN
Ubicación ES-MaACL
Número de control de estantería P-1111-2
Holdings
Estatus retirado Estado de pérdida Estado de daño No para préstamo Biblioteca de origen Biblioteca actual Ubicación en estantería Fecha de adquisición Fuente de adquisición Total de préstamos Signatura topográfica completa Código de barras Visto por última vez Precio de reemplazo Tipo de ítem Koha
        Biblioteca del Ateneo de Madrid Biblioteca del Ateneo de Madrid Depósito 2 05/12/2019     P-1111-2 1201360 23/02/2023 23/02/2023 Libro impreso